000 00721nam a2200217 a 4500
001 BRCA_1192
005 20190320203325.0
008 970121s1996 mx-a---##b---#000-0#spa-#
020 _a9688426385
040 _aDLC
_cDLC
050 4 _aF1391.T5
_b.D87 1996
100 1 _aDurán, Francisco
_93927
245 1 0 _aLa Colostitla
_bFacultad Mexicana de Medicina, Universidad La Salle
_cFrancisco Durán.
260 _aMéxico
_bLa Salle
_c1996
300 _a236 p.
_bil. (algunas a color)
_c24 cm.
504 _aBibliografía: p. 235-236
610 2 4 _aLa Colostitla (Tlalpan, México)
_93928
651 4 _aTlalpan (México)
_xHistoria
_93140
651 4 _aTlalpan (México)
_xEdificios, estructuras, etc.
_93139
942 _2lcc
_cB
999 _c1067
_d1067